[Event "Baku Chess Olympiad | Open"]
[Site "chess24.com"]
[Date "2016.09.12"]
[Round "10"]
[White "Mafnas, Peter"]
[Black "Yee, Soon Wei"]
[Result "0-1"]
[Board "1"]
[WhiteID "31000509"]
[WhiteElo "2095"]
[WhiteCountry "GUM"]
[WhiteFideId "31000509"]
[WhiteEloChange "-5"]
[BlackID "10500553"]
[BlackElo "2293"]
[BlackTitle "FM"]
[BlackCountry "BRU"]
[BlackFideId "10500553"]
[BlackEloChange "5"]

1. d4 {[%clk 1:30:35]} Nf6 {[%clk 1:29:55]} 2. c4 {[%clk 1:30:12]} g6 {[%clk
1:27:48]} 3. Nf3 {[%clk 1:30:14]} Bg7 {[%clk 1:27:55]} 4. g3 {[%clk 1:30:31]} c5
{[%clk 1:27:46]} 5. Bg2 {[%clk 1:30:15]} cxd4 {[%clk 1:26:30]} 6. Nxd4 {[%clk
1:30:34]} Nc6 {[%clk 1:26:40]} 7. e3 {[%clk 1:29:24]} O-O {[%clk 1:21:26]} 8. Nc3
{[%clk 1:25:38]} d6 {[%clk 1:19:58]} 9. O-O {[%clk 1:26:01]} Bg4 {[%clk 1:15:29]}
10. Nxc6 {[%clk 1:23:08]} bxc6 {[%clk 1:15:28]} 11. Qa4 {[%clk 1:20:52]} c5
{[%clk 1:12:34]} 12. h3 {[%clk 1:19:10]} Bd7 {[%clk 1:06:46]} 13. Qc2 {[%clk
1:15:42]} Rb8 {[%clk 0:59:58]} 14. b3 {[%clk 1:15:28]} Bf5 {[%clk 0:59:47]} 15.
Qd2 {[%clk 1:10:38]} Ne4 {[%clk 0:58:19]} 16. Bxe4 {[%clk 1:10:35]} Bxe4 {[%clk
0:58:37]} 17. Bb2 {[%clk 1:10:57]} Bc6 {[%clk 0:56:58]} 18. Rad1 {[%clk 1:06:58]}
a5 {[%clk 0:53:27]} 19. Nd5 {[%clk 1:05:48]} Bxb2 {[%clk 0:53:01]} 20. Qxb2
{[%clk 1:06:15]} a4 {[%clk 0:52:53]} 21. Qc3 {[%clk 1:06:29]} Qd7 {[%clk
0:48:59]} 22. Kh2 {[%clk 1:06:10]} axb3 {[%clk 0:45:33]} 23. axb3 {[%clk
1:06:33]} Rb7 {[%clk 0:45:32]} 24. Rd3 {[%clk 1:06:03]} Rfb8 {[%clk 0:44:31]} 25.
Qc2 {[%clk 1:05:49]} Qe6 {[%clk 0:38:15]} 26. f3 {[%clk 1:03:02]} Ra8 {[%clk
0:36:55]} 27. Rf2 {[%clk 1:02:44]} Ra1 {[%clk 0:35:26]} 28. Nf4 {[%clk 0:56:50]}
Qe5 {[%clk 0:34:39]} 29. e4 {[%clk 0:52:54]} f5 {[%clk 0:33:43]} 30. Re3 {[%clk
0:49:36]} g5 {[%clk 0:30:54]} 31. Ng2 {[%clk 0:48:52]} fxe4 {[%clk 0:25:38]} 32.
f4 {[%clk 0:46:50]} Qd4 {[%clk 0:22:53]} 33. fxg5 {[%clk 0:46:04]} Rba7 {[%clk
0:15:27]} 34. Rd2 {[%clk 0:42:30]} Qe5 {[%clk 0:15:04]} 35. h4 {[%clk 0:41:12]}
Rf1 {[%clk 0:15:08]} 36. Qb2 {[%clk 0:39:39]} Raa1 {[%clk 0:15:21]} 37. Nf4
{[%clk 0:39:47]} Rxf4 {[%clk 0:09:37]} 38. Qxe5 {[%clk 0:40:07]} dxe5 {[%clk
0:09:56]} 0-1

[Event "Baku Chess Olympiad | Open"]
[Site "chess24.com"]
[Date "2016.09.12"]
[Round "10"]
[White "Pg, Md Omar Ak Hafizon"]
[Black "Molod, Jonathan"]
[Result "1-0"]
[Board "2"]
[WhiteID "10500499"]
[WhiteElo "2168"]
[WhiteCountry "BRU"]
[WhiteFideId "10500499"]
[WhiteEloChange "4"]
[BlackID "31000185"]
[BlackElo "1943"]
[BlackTitle "CM"]
[BlackCountry "GUM"]
[BlackFideId "31000185"]
[BlackEloChange "-4"]

1. e4 {[%clk 1:30:58]} c6 {[%clk 1:30:43]} 2. d4 {[%clk 1:30:59]} d5 {[%clk
1:30:52]} 3. Nc3 {[%clk 1:30:21]} e6 {[%clk 1:30:44]} 4. Bd3 {[%clk 1:29:31]}
dxe4 {[%clk 1:29:00]} 5. Bxe4 {[%clk 1:29:28]} Nf6 {[%clk 1:29:15]} 6. Bf3 {[%clk
1:28:29]} Bb4 {[%clk 1:28:48]} 7. Ne2 {[%clk 1:28:26]} Nbd7 {[%clk 1:26:41]} 8.
Bf4 {[%clk 1:26:00]} Nd5 {[%clk 1:25:21]} 9. Bg3 {[%clk 1:25:29]} Qa5 {[%clk
1:23:58]} 10. O-O {[%clk 1:21:36]} O-O {[%clk 1:22:26]} 11. Nxd5 {[%clk 1:20:17]}
exd5 {[%clk 1:21:52]} 12. c3 {[%clk 1:14:07]} Be7 {[%clk 1:21:37]} 13. Re1 {[%clk
1:11:10]} Qd8 {[%clk 1:18:51]} 14. Nf4 {[%clk 1:07:54]} Nf6 {[%clk 1:15:40]} 15.
Qb3 {[%clk 1:07:49]} Bd6 {[%clk 1:13:58]} 16. Nh5 {[%clk 0:58:15]} Nxh5 {[%clk
1:11:05]} 17. Bxd6 {[%clk 0:55:59]} Qxd6 {[%clk 1:11:18]} 18. Bxh5 {[%clk
0:56:18]} Rb8 {[%clk 1:04:53]} 19. Re3 {[%clk 0:55:36]} Be6 {[%clk 1:02:44]} 20.
Rae1 {[%clk 0:54:48]} b6 {[%clk 1:02:02]} 21. Qc2 {[%clk 0:51:44]} Rb7 {[%clk
0:59:34]} 22. Be2 {[%clk 0:48:43]} Re7 {[%clk 0:58:37]} 23. Bd3 {[%clk 0:48:59]}
h6 {[%clk 0:54:36]} 24. Bh7+ {[%clk 0:46:23]} Kh8 {[%clk 0:54:42]} 25. Bd3 {[%clk
0:45:31]} Kg8 {[%clk 0:54:42]} 26. Qe2 {[%clk 0:45:22]} Rc7 {[%clk 0:53:40]} 27.
Bb1 {[%clk 0:44:53]} g6 {[%clk 0:51:15]} 28. h4 {[%clk 0:45:09]} h5 {[%clk
0:50:27]} 29. Re5 {[%clk 0:36:52]} Bg4 {[%clk 0:37:21]} 30. f3 {[%clk 0:35:50]}
Bc8 {[%clk 0:36:10]} 31. Qe3 {[%clk 0:35:31]} Qf6 {[%clk 0:36:01]} 32. Qh6 {[%clk
0:33:04]} Qg7 {[%clk 0:30:48]} 33. Qf4 {[%clk 0:33:15]} Rb7 {[%clk 0:24:33]} 34.
Re7 {[%clk 0:28:49]} Rd7 {[%clk 0:20:37]} 35. Rxd7 {[%clk 0:28:24]} Bxd7 {[%clk
0:20:14]} 36. Re7 {[%clk 0:28:38]} Be6 {[%clk 0:11:10]} 37. Qg5 {[%clk 0:28:35]}
c5 {[%clk 0:09:51]} 38. dxc5 {[%clk 0:23:55]} bxc5 {[%clk 0:09:25]} 39. Bxg6
{[%clk 0:22:29]} d4 {[%clk 0:07:40]} 40. cxd4 {[%clk 0:48:26]} cxd4 {[%clk
0:36:31]} 41. Be4 {[%clk 0:47:02]} Qxg5 {[%clk 0:23:55]} 42. hxg5 {[%clk
0:47:23]} Rd8 {[%clk 0:24:13]} 43. Bd3 {[%clk 0:47:02]} Rc8 {[%clk 0:19:54]} 44.
Rxa7 {[%clk 0:47:01]} Rc1+ {[%clk 0:20:04]} 45. Kh2 {[%clk 0:45:29]} Rd1 {[%clk
0:19:51]} 46. Be4 {[%clk 0:31:14]} Bc4 {[%clk 0:15:05]} 47. b3 {[%clk 0:29:05]}
Be2 {[%clk 0:09:13]} 48. a4 {[%clk 0:27:51]} Kf8 {[%clk 0:09:16]} 49. f4 {[%clk
0:27:22]} Ke8 {[%clk 0:09:10]} 50. f5 {[%clk 0:26:23]} d3 {[%clk 0:08:42]} 51.
Bc6+ {[%clk 0:21:38]} Kd8 {[%clk 0:08:01]} 52. Bb5 {[%clk 0:21:34]} Bf1 {[%clk
0:06:45]} 53. g6 {[%clk 0:20:43]} fxg6 {[%clk 0:06:23]} 54. fxg6 {[%clk 0:20:28]}
Rd2 {[%clk 0:06:08]} 55. Bc6 {[%clk 0:20:19]} Bxg2 {[%clk 0:05:22]} 56. Bxg2
{[%clk 0:20:21]} 1-0

[Event "Baku Chess Olympiad | Open"]
[Site "chess24.com"]
[Date "2016.09.12"]
[Round "10"]
[White "Soriano, Rudolph P."]
[Black "Hj, Azahari Md Aliuddin"]
[Result "1/2-1/2"]
[Board "3"]
[WhiteID "31000142"]
[WhiteElo "1787"]
[WhiteCountry "GUM"]
[WhiteFideId "31000142"]
[WhiteEloChange "6"]
[BlackID "10500324"]
[BlackElo "2004"]
[BlackTitle "FM"]
[BlackCountry "BRU"]
[BlackFideId "10500324"]
[BlackEloChange "-6"]

1. Nf3 {[%clk 1:30:48]} g6 {[%clk 1:30:18]} 2. g3 {[%clk 1:30:59]} Bg7 {[%clk
1:29:45]} 3. Bg2 {[%clk 1:31:14]} Nf6 {[%clk 1:29:30]} 4. O-O {[%clk 1:31:24]}
O-O {[%clk 1:28:56]} 5. d3 {[%clk 1:31:40]} d5 {[%clk 1:24:45]} 6. Nbd2 {[%clk
1:31:55]} Re8 {[%clk 1:20:53]} 7. Re1 {[%clk 1:31:16]} e5 {[%clk 1:17:14]} 8. e4
{[%clk 1:31:37]} dxe4 {[%clk 1:15:31]} 9. dxe4 {[%clk 1:32:05]} c6 {[%clk
1:15:46]} 10. c3 {[%clk 1:30:58]} Na6 {[%clk 1:12:19]} 11. Qc2 {[%clk 1:29:55]}
Nc5 {[%clk 1:06:02]} 12. Bf1 {[%clk 1:28:35]} a5 {[%clk 1:04:52]} 13. a4 {[%clk
1:22:28]} Qc7 {[%clk 1:00:49]} 14. b3 {[%clk 1:16:46]} h6 {[%clk 0:51:41]} 15.
Ba3 {[%clk 1:16:56]} Bf8 {[%clk 0:51:39]} 16. h3 {[%clk 1:15:45]} Be6 {[%clk
0:46:59]} 17. Kh2 {[%clk 1:15:39]} Qb6 {[%clk 0:39:55]} 18. Reb1 {[%clk 1:11:14]}
Ncd7 {[%clk 0:26:42]} 19. Nc4 {[%clk 1:04:49]} Bxc4 {[%clk 0:24:25]} 20. bxc4
{[%clk 1:04:06]} Qc7 {[%clk 0:23:46]} 21. Bc1 {[%clk 0:56:14]} Nc5 {[%clk
0:21:08]} 22. Nd2 {[%clk 0:56:17]} Rad8 {[%clk 0:19:16]} 23. f3 {[%clk 0:55:02]}
Rd7 {[%clk 0:15:31]} 24. Nb3 {[%clk 0:51:28]} Kh7 {[%clk 0:13:31]} 25. Be3 {[%clk
0:50:33]} Ne6 {[%clk 0:11:12]} 26. h4 {[%clk 0:48:29]} h5 {[%clk 0:10:39]} 27. c5
{[%clk 0:47:29]} Red8 {[%clk 0:10:12]} 28. Rd1 {[%clk 0:44:47]} Bh6 {[%clk
0:08:43]} 29. Bf2 {[%clk 0:41:57]} g5 {[%clk 0:05:44]} 30. hxg5 {[%clk 0:42:25]}
Nxg5 {[%clk 0:05:19]} 31. Be2 {[%clk 0:42:50]} h4 {[%clk 0:04:04]} 32. g4 {[%clk
0:42:16]} Ne6 {[%clk 0:03:24]} 33. Bxh4 {[%clk 0:40:10]} Bf4+ {[%clk 0:03:07]}
34. Kg2 {[%clk 0:39:24]} Kg6 {[%clk 0:03:02]} 35. Rxd7 {[%clk 0:38:03]} Rxd7
{[%clk 0:03:12]} 36. Rd1 {[%clk 0:36:36]} Be3 {[%clk 0:02:40]} 37. Bg3 {[%clk
0:28:01]} Kg7 {[%clk 0:01:27]} 38. Bc4 {[%clk 0:25:35]} Nxc5 {[%clk 0:01:10]} 39.
Nd4 {[%clk 0:24:33]} Bf4 {[%clk 0:00:57]} 40. Nf5+ {[%clk 0:52:14]} Kf8 {[%clk
0:31:11]} 41. Bxf4 {[%clk 0:51:54]} exf4 {[%clk 0:29:51]} 42. g5 {[%clk 0:49:05]}
Ng8 {[%clk 0:27:13]} 43. Rxd7 {[%clk 0:43:07]} Qxd7 {[%clk 0:18:57]} 44. Qf2
{[%clk 0:41:57]} Ne6 {[%clk 0:15:56]} 45. Be2 {[%clk 0:38:06]} Qd8 {[%clk
0:15:56]} 1/2-1/2

[Event "Baku Chess Olympiad | Open"]
[Site "chess24.com"]
[Date "2016.09.12"]
[Round "10"]
[White "Yussof, Pg Abd Rahman"]
[Black "Orio, Rogelio L."]
[Result "0-1"]
[Board "4"]
[WhiteID "10500219"]
[WhiteElo "1927"]
[WhiteCountry "BRU"]
[WhiteFideId "10500219"]
[WhiteEloChange "-14"]
[BlackID "31000118"]
[BlackElo "1781"]
[BlackCountry "GUM"]
[BlackFideId "31000118"]
[BlackEloChange "14"]

1. e4 {[%clk 1:30:39]} d6 {[%clk 1:30:32]} 2. d4 {[%clk 1:30:37]} Nf6 {[%clk
1:30:51]} 3. Nc3 {[%clk 1:30:26]} g6 {[%clk 1:30:05]} 4. Bg5 {[%clk 1:30:10]} Bg7
{[%clk 1:29:51]} 5. Qd2 {[%clk 1:30:08]} h6 {[%clk 1:27:57]} 6. Be3 {[%clk
1:27:59]} c6 {[%clk 1:25:00]} 7. f3 {[%clk 1:23:07]} Nbd7 {[%clk 1:23:07]} 8.
O-O-O {[%clk 1:16:29]} Qc7 {[%clk 1:18:43]} 9. Be2 {[%clk 1:08:35]} a5 {[%clk
1:18:52]} 10. a4 {[%clk 1:06:21]} Rb8 {[%clk 1:14:11]} 11. g4 {[%clk 1:00:36]}
Ng8 {[%clk 1:09:09]} 12. f4 {[%clk 0:52:58]} Ndf6 {[%clk 1:02:37]} 13. h3 {[%clk
0:49:50]} Bd7 {[%clk 1:02:52]} 14. Nf3 {[%clk 0:48:55]} b5 {[%clk 1:03:09]} 15.
g5 {[%clk 0:46:59]} Nh5 {[%clk 1:01:44]} 16. e5 {[%clk 0:43:04]} bxa4 {[%clk
1:01:25]} 17. Nxa4 {[%clk 0:34:12]} Ng3 {[%clk 1:01:30]} 18. Nc3 {[%clk 0:29:17]}
Nxh1 {[%clk 1:00:51]} 19. Rxh1 {[%clk 0:29:03]} d5 {[%clk 0:58:59]} 20. Na4
{[%clk 0:28:01]} Bf5 {[%clk 0:56:55]} 21. Rh2 {[%clk 0:27:42]} e6 {[%clk
0:56:20]} 22. Nc5 {[%clk 0:24:40]} Qa7 {[%clk 0:55:36]} 23. Nh4 {[%clk 0:19:39]}
Ne7 {[%clk 0:55:06]} 24. Qc3 {[%clk 0:17:25]} h5 {[%clk 0:53:09]} 25. Bd2 {[%clk
0:14:53]} a4 {[%clk 0:52:22]} 26. Qa3 {[%clk 0:14:20]} O-O {[%clk 0:52:10]} 27.
Bb4 {[%clk 0:12:21]} Rfe8 {[%clk 0:50:12]} 28. c3 {[%clk 0:12:09]} Bf8 {[%clk
0:50:01]} 29. Nxa4 {[%clk 0:08:39]} Rxb4 {[%clk 0:47:17]} 30. Qxb4 {[%clk
0:06:47]} Rb8 {[%clk 0:47:03]} 31. Qa3 {[%clk 0:06:24]} Nc8 {[%clk 0:47:01]} 32.
Qa1 {[%clk 0:05:43]} c5 {[%clk 0:45:03]} 33. Nxf5 {[%clk 0:05:52]} exf5 {[%clk
0:45:11]} 34. dxc5 {[%clk 0:02:54]} Bxc5 {[%clk 0:45:31]} 35. Kc2 {[%clk
0:02:22]} Be3 {[%clk 0:45:21]} 36. b3 {[%clk 0:01:31]} Bxf4 {[%clk 0:45:37]} 37.
e6 {[%clk 0:00:58]} Bxh2 {[%clk 0:45:37]} 0-1

[Event "Baku Chess Olympiad | Open"]
[Site "chess24.com"]
[Date "2016.09.12"]
[Round "10"]
[White "Machin Rivera, Mark"]
[Black "Rakotomaharo, Fy Antenaina"]
[Result "1/2-1/2"]
[Board "1"]
[WhiteID "3101126"]
[WhiteElo "2339"]
[WhiteTitle "IM"]
[WhiteCountry "PUR"]
[WhiteFideId "3101126"]
[WhiteEloChange "3"]
[BlackID "13100050"]
[BlackElo "2439"]
[BlackTitle "FM"]
[BlackCountry "MAD"]
[BlackFideId "13100050"]
[BlackEloChange "-1"]

1. c4 {[%clk 1:30:57]} c6 {[%clk 1:29:48]} 2. g3 {[%clk 1:31:01]} d5 {[%clk
1:30:10]} 3. Nf3 {[%clk 1:31:22]} Nf6 {[%clk 1:30:21]} 4. Bg2 {[%clk 1:31:44]} g6
{[%clk 1:30:35]} 5. b3 {[%clk 1:31:22]} Bg7 {[%clk 1:30:43]} 6. Bb2 {[%clk
1:31:49]} O-O {[%clk 1:30:35]} 7. O-O {[%clk 1:32:00]} a5 {[%clk 1:29:32]} 8. d3
{[%clk 1:27:55]} a4 {[%clk 1:24:47]} 9. Nbd2 {[%clk 1:27:53]} Nbd7 {[%clk
1:20:45]} 10. Qc2 {[%clk 1:20:52]} Re8 {[%clk 1:19:05]} 11. Ne5 {[%clk 1:20:27]}
a3 {[%clk 1:06:18]} 12. Bc3 {[%clk 1:20:01]} Nc5 {[%clk 1:06:40]} 13. Ndf3 {[%clk
1:13:41]} Ne6 {[%clk 1:02:46]} 14. Rab1 {[%clk 1:12:02]} g5 {[%clk 0:57:59]} 15.
h3 {[%clk 1:06:35]} Qc7 {[%clk 0:55:34]} 16. cxd5 {[%clk 0:49:46]} Nxd5 {[%clk
0:38:21]} 17. Ba1 {[%clk 0:49:46]} f6 {[%clk 0:37:15]} 18. Ng4 {[%clk 0:38:55]}
h5 {[%clk 0:36:07]} 19. Ngh2 {[%clk 0:39:21]} h4 {[%clk 0:36:30]} 20. gxh4 {[%clk
0:29:06]} Nef4 {[%clk 0:20:38]} 21. e3 {[%clk 0:28:17]} Nxh3+ {[%clk 0:19:34]}
22. Kh1 {[%clk 0:28:33]} Qd6 {[%clk 0:13:26]} 23. hxg5 {[%clk 0:23:52]} Nxg5
{[%clk 0:13:49]} 24. Nxg5 {[%clk 0:17:14]} fxg5 {[%clk 0:14:13]} 25. Bxd5+ {[%clk
0:16:25]} Qxd5+ {[%clk 0:06:18]} 26. e4 {[%clk 0:16:32]} Qd6 {[%clk 0:06:32]} 27.
Rg1 {[%clk 0:12:53]} Bxa1 {[%clk 0:06:17]} 28. Rxa1 {[%clk 0:13:18]} Kf7 {[%clk
0:05:49]} 29. Qc3 {[%clk 0:03:34]} Qf6 {[%clk 0:01:31]} 30. Qc5 {[%clk 0:02:10]}
Rg8 {[%clk 0:00:36]} 31. Rae1 {[%clk 0:00:38]} Be6 {[%clk 0:00:34]} 32. d4 {[%clk
0:00:45]} Rh8 {[%clk 0:00:34]} 33. Rg2 {[%clk 0:00:34]} Rh5 {[%clk 0:00:31]} 34.
d5 {[%clk 0:00:49]} cxd5 {[%clk 0:00:40]} 35. exd5 {[%clk 0:01:12]} Bf5 {[%clk
0:00:32]} 36. f3 {[%clk 0:01:11]} Rah8 {[%clk 0:00:38]} 37. Qc7 {[%clk 0:01:02]}
Qd6 {[%clk 0:00:33]} 38. Qxd6 {[%clk 0:01:07]} exd6 {[%clk 0:00:56]} 39. Kg1
{[%clk 0:01:17]} Kf6 {[%clk 0:00:43]} 40. Rge2 {[%clk 0:31:21]} Rh4 {[%clk
0:30:35]} 41. Nf1 {[%clk 0:30:33]} Rf4 {[%clk 0:20:44]} 42. Kg2 {[%clk 0:24:26]}
g4 {[%clk 0:16:47]} 43. Rf2 {[%clk 0:15:21]} Kg5 {[%clk 0:15:58]} 44. Ng3 {[%clk
0:14:15]} gxf3+ {[%clk 0:08:55]} 45. Rxf3 {[%clk 0:13:38]} Rxf3 {[%clk 0:07:51]}
46. Kxf3 {[%clk 0:13:52]} Rh2 {[%clk 0:08:11]} 47. Rg1 {[%clk 0:07:18]} Kf6
{[%clk 0:07:21]} 48. Ke3 {[%clk 0:05:44]} Bg6 {[%clk 0:02:47]} 49. Ne2 {[%clk
0:05:27]} b5 {[%clk 0:01:49]} 50. b4 {[%clk 0:02:38]} Bf5 {[%clk 0:01:10]} 51.
Nd4 {[%clk 0:01:30]} Rh3+ {[%clk 0:01:33]} 52. Nf3 {[%clk 0:01:47]} Bg6 {[%clk
0:01:17]} 53. Kf4 {[%clk 0:01:00]} Rh5 {[%clk 0:01:07]} 54. Rg2 {[%clk 0:00:33]}
Rxd5 {[%clk 0:00:58]} 55. Rf2 {[%clk 0:00:33]} Bf7 {[%clk 0:00:36]} 56. Ke3
{[%clk 0:00:45]} Rf5 {[%clk 0:00:38]} 57. Rd2 {[%clk 0:00:50]} Ke7 {[%clk
0:00:37]} 58. Rd3 {[%clk 0:00:50]} Bxa2 {[%clk 0:00:38]} 59. Rxa3 {[%clk
0:01:18]} Bc4 {[%clk 0:00:37]} 60. Ra7+ {[%clk 0:01:30]} Kf6 {[%clk 0:00:56]} 61.
Rh7 {[%clk 0:01:12]} Rd5 {[%clk 0:00:57]} 62. Nd4 {[%clk 0:01:04]} Rg5 {[%clk
0:00:41]} 63. Rh6+ {[%clk 0:00:52]} Ke7 {[%clk 0:00:37]} 64. Rh7+ {[%clk
0:01:06]} Kf6 {[%clk 0:00:43]} 65. Rh6+ {[%clk 0:01:28]} Ke7 {[%clk 0:01:08]} 66.
Rh7+ {[%clk 0:01:55]} 1/2-1/2

[Event "Baku Chess Olympiad | Open"]
[Site "chess24.com"]
[Date "2016.09.12"]
[Round "10"]
[White "Ranaivoharisoa, Alain"]
[Black "Almedina Ortiz, Edgardo J."]
[Result "1/2-1/2"]
[Board "2"]
[WhiteID "13100025"]
[WhiteElo "2169"]
[WhiteTitle "IM"]
[WhiteCountry "MAD"]
[WhiteFideId "13100025"]
[WhiteEloChange "1"]
[BlackID "3100197"]
[BlackElo "2215"]
[BlackTitle "FM"]
[BlackCountry "PUR"]
[BlackFideId "3100197"]
[BlackEloChange "-1"]

1. e4 {[%clk 1:30:51]} e5 {[%clk 1:30:56]} 2. Nf3 {[%clk 1:31:08]} Nc6 {[%clk
1:31:22]} 3. Bb5 {[%clk 1:31:11]} a6 {[%clk 1:31:44]} 4. Ba4 {[%clk 1:31:33]} Nf6
{[%clk 1:32:09]} 5. O-O {[%clk 1:30:44]} Be7 {[%clk 1:32:32]} 6. Re1 {[%clk
1:30:57]} b5 {[%clk 1:32:55]} 7. Bb3 {[%clk 1:31:20]} d6 {[%clk 1:33:20]} 8. c3
{[%clk 1:31:19]} O-O {[%clk 1:33:40]} 9. h3 {[%clk 1:31:43]} Nb8 {[%clk 1:34:01]}
10. d4 {[%clk 1:31:16]} Nbd7 {[%clk 1:34:23]} 11. Nbd2 {[%clk 1:30:16]} Bb7
{[%clk 1:34:33]} 12. a4 {[%clk 1:26:59]} c5 {[%clk 1:34:42]} 13. d5 {[%clk
1:27:00]} c4 {[%clk 1:35:06]} 14. Bc2 {[%clk 1:27:06]} Nc5 {[%clk 1:35:29]} 15.
Nf1 {[%clk 1:27:01]} bxa4 {[%clk 1:35:41]} 16. N3d2 {[%clk 1:24:11]} Qc7 {[%clk
1:34:07]} 17. Ne3 {[%clk 1:20:40]} a5 {[%clk 1:26:17]} 18. Nf5 {[%clk 0:59:46]}
Ba6 {[%clk 1:17:37]} 19. Nf1 {[%clk 0:51:28]} Rfb8 {[%clk 1:15:17]} 20. N1g3
{[%clk 0:40:36]} Bf8 {[%clk 1:11:29]} 21. Qf3 {[%clk 0:31:31]} Ra7 {[%clk
1:10:21]} 22. Bg5 {[%clk 0:23:51]} Ne8 {[%clk 1:09:37]} 23. Bc1 {[%clk 0:16:56]}
Nd3 {[%clk 1:01:50]} 24. Bxd3 {[%clk 0:14:35]} cxd3 {[%clk 1:02:10]} 25. Qe3
{[%clk 0:14:14]} Rb3 {[%clk 1:01:23]} 26. Rxa4 {[%clk 0:12:31]} Bb5 {[%clk
1:01:35]} 27. Ra1 {[%clk 0:09:57]} a4 {[%clk 1:01:51]} 28. Nf1 {[%clk 0:10:16]}
Bc4 {[%clk 0:49:14]} 29. Nd2 {[%clk 0:10:31]} Rbb7 {[%clk 0:49:36]} 30. Ra3
{[%clk 0:10:23]} Qc8 {[%clk 0:38:49]} 31. Qf3 {[%clk 0:07:46]} Ra8 {[%clk
0:33:19]} 32. Qd1 {[%clk 0:04:14]} Bxd5 {[%clk 0:19:57]} 33. Rxa4 {[%clk
0:04:30]} Be6 {[%clk 0:17:07]} 34. Ne3 {[%clk 0:02:41]} Nc7 {[%clk 0:12:34]} 35.
Rxa8 {[%clk 0:02:12]} Qxa8 {[%clk 0:11:22]} 36. Ndf1 {[%clk 0:00:48]} Qa6 {[%clk
0:11:11]} 37. Nd2 {[%clk 0:01:14]} f6 {[%clk 0:10:13]} 38. Ng4 {[%clk 0:01:22]}
d5 {[%clk 0:10:11]} 39. Qf3 {[%clk 0:01:11]} Bc5 {[%clk 0:07:48]} 40. Qg3 {[%clk
0:31:08]} Kh8 {[%clk 0:37:41]} 41. Qh4 {[%clk 0:18:29]} Bg8 {[%clk 0:33:38]} 42.
exd5 {[%clk 0:09:54]} Nxd5 {[%clk 0:33:50]} 43. Ne4 {[%clk 0:10:14]} Bf8 {[%clk
0:29:16]} 44. Ne3 {[%clk 0:07:20]} Nf4 {[%clk 0:27:54]} 45. Ng3 {[%clk 0:04:44]}
1/2-1/2

[Event "Baku Chess Olympiad | Open"]
[Site "chess24.com"]
[Date "2016.09.12"]
[Round "10"]
[White "Torres Santiago, Jonathan"]
[Black "Rajaonarison, Faniry"]
[Result "0-1"]
[Board "3"]
[WhiteID "3100650"]
[WhiteElo "2126"]
[WhiteCountry "PUR"]
[WhiteFideId "3100650"]
[WhiteEloChange "-9"]
[BlackID "13100424"]
[BlackElo "2150"]
[BlackTitle "CM"]
[BlackCountry "MAD"]
[BlackFideId "13100424"]
[BlackEloChange "9"]

1. e4 {[%clk 1:29:30]} e6 {[%clk 1:29:41]} 2. d4 {[%clk 1:20:24]} d5 {[%clk
1:29:57]} 3. exd5 {[%clk 1:20:18]} exd5 {[%clk 1:30:21]} 4. Nf3 {[%clk 1:20:39]}
Bd6 {[%clk 1:30:08]} 5. c4 {[%clk 1:19:26]} Nf6 {[%clk 1:27:22]} 6. Nc3 {[%clk
1:19:39]} dxc4 {[%clk 1:27:21]} 7. Bxc4 {[%clk 1:20:00]} O-O {[%clk 1:27:44]} 8.
O-O {[%clk 1:20:16]} c6 {[%clk 1:23:05]} 9. Bg5 {[%clk 1:20:24]} Nbd7 {[%clk
1:21:40]} 10. Re1 {[%clk 1:19:26]} Nb6 {[%clk 1:17:34]} 11. Bb3 {[%clk 1:19:47]}
Bg4 {[%clk 1:16:44]} 12. Qd3 {[%clk 1:06:55]} h6 {[%clk 1:13:23]} 13. Bxh6 {[%clk
0:58:59]} Bxf3 {[%clk 1:10:24]} 14. Qg6 {[%clk 0:57:49]} Nh5 {[%clk 1:10:01]} 15.
gxf3 {[%clk 0:56:38]} Qf6 {[%clk 1:07:10]} 16. Qxh5 {[%clk 0:49:36]} Qxh6 {[%clk
1:07:31]} 17. Qxh6 {[%clk 0:49:29]} gxh6 {[%clk 1:07:55]} 18. Re4 {[%clk
0:49:25]} Kh7 {[%clk 1:05:36]} 19. Bc2 {[%clk 0:48:12]} f5 {[%clk 1:05:51]} 20.
Re6 {[%clk 0:48:23]} Rad8 {[%clk 1:06:01]} 21. Nd1 {[%clk 0:46:36]} Nd5 {[%clk
1:02:15]} 22. Re1 {[%clk 0:35:06]} Ne7 {[%clk 0:59:20]} 23. a3 {[%clk 0:34:13]}
Ng6 {[%clk 0:59:33]} 24. Ne3 {[%clk 0:34:29]} Nh4 {[%clk 0:59:51]} 25. Kh1 {[%clk
0:31:26]} Kg7 {[%clk 0:50:06]} 26. Rad1 {[%clk 0:22:33]} Bb8 {[%clk 0:43:43]} 27.
Re2 {[%clk 0:10:57]} Kf6 {[%clk 0:42:15]} 28. d5 {[%clk 0:04:40]} Rg8 {[%clk
0:30:06]} 29. Nxf5 {[%clk 0:00:44]} Nxf5 {[%clk 0:26:08]} 30. Re6+ {[%clk
0:01:10]} Kg5 {[%clk 0:26:01]} 31. Rg1+ {[%clk 0:01:09]} Kf4 {[%clk 0:23:51]} 32.
Rxg8 {[%clk 0:01:21]} Rxg8 {[%clk 0:24:12]} 33. Rf6 {[%clk 0:01:49]} Rg5 {[%clk
0:24:21]} 34. d6 {[%clk 0:02:17]} Ke5 {[%clk 0:24:14]} 35. d7 {[%clk 0:02:44]}
Bc7 {[%clk 0:24:06]} 36. Rf8 {[%clk 0:02:28]} Ke6 {[%clk 0:22:20]} 37. d8Q {[%clk
0:02:28]} Bxd8 {[%clk 0:24:00]} 38. Rxd8 {[%clk 0:01:32]} Nd6 {[%clk 0:09:56]}
39. Rh8 {[%clk 0:01:22]} h5 {[%clk 0:05:54]} 40. Rh6+ {[%clk 0:31:38]} Ke7 {[%clk
0:35:57]} 41. f4 {[%clk 0:31:47]} Rc5 {[%clk 0:36:03]} 42. Bg6 {[%clk 0:32:02]}
a5 {[%clk 0:32:45]} 43. Kg2 {[%clk 0:30:58]} Rb5 {[%clk 0:31:51]} 44. Rxh5 {[%clk
0:22:59]} Rxh5 {[%clk 0:32:11]} 45. Bxh5 {[%clk 0:23:27]} Nc4 {[%clk 0:32:37]}
46. Be2 {[%clk 0:23:54]} Nxb2 {[%clk 0:32:36]} 47. h4 {[%clk 0:24:11]} b5 {[%clk
0:33:02]} 48. Kf3 {[%clk 0:24:25]} b4 {[%clk 0:33:22]} 49. a4 {[%clk 0:21:20]}
Nxa4 {[%clk 0:33:12]} 50. h5 {[%clk 0:21:43]} Kf6 {[%clk 0:33:23]} 51. Bd3 {[%clk
0:21:28]} Nc5 {[%clk 0:32:04]} 52. Bb1 {[%clk 0:21:47]} a4 {[%clk 0:32:09]} 53.
Ke3 {[%clk 0:15:22]} b3 {[%clk 0:32:03]} 54. Kd2 {[%clk 0:15:46]} a3 {[%clk
0:32:15]} 55. Kc3 {[%clk 0:16:11]} a2 {[%clk 0:32:36]} 56. Bxa2 {[%clk 0:16:38]}
bxa2 {[%clk 0:33:00]} 57. Kb2 {[%clk 0:17:06]} Nd3+ {[%clk 0:32:44]} 58. Kxa2
{[%clk 0:17:30]} Nxf4 {[%clk 0:33:10]} 59. h6 {[%clk 0:17:44]} Kg6 {[%clk
0:33:33]} 60. Kb3 {[%clk 0:18:08]} Kxh6 {[%clk 0:33:51]} 0-1